Les chansons de la comedie musicale de la legenede du roi Arthur - Statistiques

Statistiques générales
  • Ce quiz a été pris 71 fois
  • Le résultat moyen est 14 sur 24
Statistiques - réponses
Réponse % Correct
Auprès d'un autre
90%
Quelque chose de magique
85%
Mon combat
75%
Si je te promets
73%
Au diable
71%
Wake up
65%
Dors, Morgane dors
63%
Nos corps à la dérive
63%
Advienne que pourra
62%
A l'enfant
62%
Tu vas le payer
62%
Qui suis-je
60%
Rêver l'impossible
60%
Il est temps
58%
Ce que la vie a fait de moi
52%
Faire comme si
52%
A nos voeux sacrés
48%
Je me relève
48%
Qu'ils me traitent d'idiot
48%
Un nouveau départ
48%
Délivre-nous
46%
Tant de haine
42%
Le monde est parfait
27%
Proms c'est juré
4%
Aucun quiz correspondant
Distribution des résultats
% des personnes avec chaque résultat
Percentile par nombre de réponses
Votre historique - résultats
Vous n’avez pas pris ce quiz